00682nam a2200241Ia 4500008004100000020001600041050000800057050001600065100001600081245004200097245001600139260001200155260002100167260000900188300001700197300001600214650001400230650002300244650001300267650002500280999001900305952011600324170203s9999 xx 000 0 und d a0-439271495 aFic b.C278d 2000 aCarle, Eric aDoes a Kangaroo have a mother. Too? / cEric Carle. aU.S.A : bScholastic Inc., c2000 bcol. ill. ;  c23 x 29 cm. aAnimals-- aAnimals--Infancy-- xInfancy. xJuvenile literature. c305999d305999 001040aSSISBbSSISBcGS FICTIONd2017-02-03l0oFic .C278d 2000pLS-0453r2017-02-03 00:00:00w2017-02-03yBK